| 000 | 01239pam a2200373 a 4500 | ||
|---|---|---|---|
| 999 |
_c29090 _d29061 |
||
| 001 | 016111602 | ||
| 003 | EG-ScBUE | ||
| 005 | 20210419105820.0 | ||
| 008 | 120619r20172012enka f 001 0 eng d | ||
| 020 | _a9781408152225 (pbk.) | ||
| 040 |
_aStDuBDS _beng _erda _cStDuBDS _dUk _dEG-ScBUE |
||
| 082 | 0 | 4 |
_a745.401 _bCOH _222 |
| 100 | 1 |
_aCohen, David, _d1932 September 12- _eauthor. |
|
| 245 | 1 | 2 |
_aA visual language / _cDavid Cohen & Scott Anderson. |
| 246 | 3 | 4 |
_avisual language : _belements of design |
| 250 | _aSecond edition. | ||
| 250 | _aReprinted edition. | ||
| 264 | 1 |
_aLondon, UK ; _aNew York, USA : _bBloomsbury Visual Arts, _c2017. |
|
| 300 |
_a144 pages : _bcolor illustrations ; _c25 cm |
||
| 336 |
_atext _2rdacontent _btxt |
||
| 337 |
_aunmediated _2rdamedia _bn |
||
| 338 |
_avolume _2rdacarrier _bnc |
||
| 500 | _aIncludes index. | ||
| 500 | _aPrevious ed.: London: Herbert, 2006. | ||
| 500 |
_aFormerly CIP. _5Uk |
||
| 650 | 7 |
_aDecorative arts. _2BUEsh |
|
| 650 | 7 |
_aVisual communication. _2BUEsh |
|
| 650 | 7 |
_aDesign. _2BUEsh |
|
| 653 |
_bGGEN _cApril2021 |
||
| 655 |
_vReading book _934232 |
||
| 700 | 1 |
_aAnderson, Scott, _d1964- _eauthor. |
|
| 942 |
_2ddc _cBB |
||